Язык программирования C# 5.0 и платформа .NET 4.5.: пер. с англ.

Detalles Bibliográficos
Autor principal: Троелсен Э. Эндрю
Sumario:Освойте технологию разработки приложений .NET с помощью нового издания известного бестселлера. Охватывая как базовые, так и новейшие концепции платформы, эта книга призвана научить вас всем тонкостям технологии .NET.Признанный эксперт мирового уровня, обучающий .NET с самой первой версии, поможет вам обрести глубокое понимание ключевых аспектов языка программирования С#, а также новых функциональных возможностей платформы, которые появились в версии .NET 4.5. Кем бы вы ни были — опытным программистом, впервые переходящим на .NET, или разработчиком приложений для предшествующих версий, — эта книга предоставит исчерпывающие основы технологии .NET и послужит полным справочником, которым вы будете пользоваться в повседневной работе.
Lenguaje:ruso
Publicado: Москва, Вильямс, 2015
Edición:6-е изд.
Materias:
Formato: MixedMaterials Libro
KOHA link:https://koha.lib.tpu.ru/cgi-bin/koha/opac-detail.pl?biblionumber=301843

MARC

LEADER 00000nam0a2200000 4500
001 301843
005 20231102001436.0
010 |a 9785845919571 
035 |a (RuTPU)RU\TPU\book\327020 
090 |a 301843 
100 |a 20150814d2015 km y0rusy50 ca 
101 1 |a rus  |c eng 
102 |a RU 
105 |a a z 001zy 
200 1 |a Язык программирования C# 5.0 и платформа .NET 4.5.  |e пер. с англ.  |f Э. Троелсен 
205 |a 6-е изд. 
210 |a Москва  |c Вильямс  |d 2015 
215 |a 1311 с.  |c ил. 
320 |a Предметный указатель: с. 1306-1311. 
330 |a Освойте технологию разработки приложений .NET с помощью нового издания известного бестселлера. Охватывая как базовые, так и новейшие концепции платформы, эта книга призвана научить вас всем тонкостям технологии .NET.Признанный эксперт мирового уровня, обучающий .NET с самой первой версии, поможет вам обрести глубокое понимание ключевых аспектов языка программирования С#, а также новых функциональных возможностей платформы, которые появились в версии .NET 4.5. Кем бы вы ни были — опытным программистом, впервые переходящим на .NET, или разработчиком приложений для предшествующих версий, — эта книга предоставит исчерпывающие основы технологии .NET и послужит полным справочником, которым вы будете пользоваться в повседневной работе. 
606 |a C#  |x Язык программирования  |2 stltpush  |3 (RuTPU)RU\TPU\subj\73134 
606 |a Платформа .NET  |2 stltpush  |3 (RuTPU)RU\TPU\subj\67723  |9 83415 
610 1 |a программирование 
610 1 |a конструкции 
675 |a 004.438  |v 4 
675 |a 004.4'2  |v 4 
700 1 |a Троелсен  |b Э.  |g Эндрю 
801 1 |a RU  |b 63413507  |c 20150814 
801 2 |a RU  |b 63413507  |c 20200604  |g RCR 
900 |a Языки программирования 
900 |a Программирование на СИ 
900 |a Программирование на языке высокого уровня 
942 |c BK 
959 |a 96/20150814  |d 1  |e 1764,00  |f ЧЗТЛ:1